| 000 | 00711nam a22001937a 4500 | ||
|---|---|---|---|
| 003 | OSt | ||
| 005 | 20240828101211.0 | ||
| 008 | 240828b ||||| |||| 00| 0 eng d | ||
| 040 | _cAIMIT LIBRARY | ||
| 100 |
_aShetty, Apoorva Rathnakar. _e2216024 _9178037 |
||
| 245 |
_aImpact of multigenerational workforce work values and employee engagement on organisational performance at mcdonalds / _cBy Apoorva Rathnakar Shetty ; Guided by Poulami Saha. |
||
| 260 |
_aBangalore ; _c2024. |
||
| 650 |
_aLiterature review _9178038 |
||
| 650 |
_aResearch methodology _9178039 |
||
| 650 |
_aData analysis and interpretation _9178040 |
||
| 700 |
_aSaha, Poulami. _eGuide _9178041 |
||
| 856 | _3Mcdonalds | ||
| 942 |
_2ddc _cPRO |
||
| 999 |
_c231611 _d231611 |
||